| 000 | 01314nmm a2200349 a 4500 | ||
|---|---|---|---|
| 001 | 0000024032 | ||
| 003 | CO-CtgCURN | ||
| 005 | 20250429225606.0 | ||
| 007 | co cga---uuuuu | ||
| 007 | ta | ||
| 008 | 160627s2011 i eng d | ||
| 020 | _a9789588590202 | ||
| 040 |
_aCO-CtgCURN _bspa _ccoctgcurn |
||
| 082 | 0 |
_a363.69 _bM754 |
|
| 100 | 1 | _aMonsalve Morales, Lorena L. | |
| 245 | 1 | 0 |
_aGestion del patrimonio cultural y cooperacion internacional _h[electronic resource] / _cLorena L. Monsalve Morales. |
| 260 |
_aMedellin : _bUniversidad de San Buenaventura, _c2011. |
||
| 300 | _a110 p. + 1 Cd-Rom. | ||
| 336 | _2rdacontent | ||
| 337 |
_2rdamedia _asin mediacion _bn |
||
| 338 |
_2rdacarrier _avolumen _bnc |
||
| 490 | 1 |
_aCuadernos de cooperacion para el desarrollo ; _vno. 6 |
|
| 500 | _aIncluye anexos. | ||
| 504 | _aIncluye bibliografia p. (95-105) | ||
| 505 | 8 | _aNociones conceptuales sobre patrimonio cultural y cooperacion internacional -- La gestion del patrimonio cultural -- Experiencias de gestion del patrimonio cultural | |
| 650 | 1 | 4 | _aPatrimonio cultural. |
| 650 | 1 | 4 | _aCooperacion internacional. |
| 650 | 1 | 4 | _aOrganismos internacionales. |
| 908 | _a160627 | ||
| 942 |
_cBK _h363.69 _iM754 _2ddc |
||
| 999 |
_c32540 _d32540 |
||